K-Pop Group Members by First Initial - Statistics

General Stats
  • This quiz has been taken 24 times
  • The average score is 5 of 8
Answer Stats
Hint Answer % Correct
J J R L Blackpink
95%
J J J J S R V BTS
84%
KGWN Aespa
79%
J J J S S H N Enhypen
74%
B L C H F I S H StrayKids
74%
M M Y W I Illit
58%
S C Y K E Le Sserafim
42%
L Y M M D S Katseye
5%
No matching quizzes found
Score Distribution
Percent of People with Each Score
Percentile by Number Answered
Your Score History
You have not taken this quiz